[Event "Biel HTO 56th"]
[Site "Biel"]
[Date "2023.07.23"]
[Round "6"]
[White "Erne, Raphael"]
[Black "Misiano, Franco"]
[Result "1/2-1/2"]
[WhiteElo "2077"]
[BlackElo "2133"]
[PlyCount "76"]
[EventDate "2023.07.17"]
[EventType "swiss"]
[EventRounds "10"]
[EventCountry "SUI"]
[SourceTitle "CBM 215 Extra"]
[Source "ChessBase"]
[SourceDate "2023.09.30"]
[SourceVersion "1"]
[SourceVersionDate "2023.09.30"]
[SourceQuality "1"]

1. c4 e5 2. g3 Nf6 3. Bg2 c6 4. Nf3 e4 5. Nd4 Qb6 6. Nb3 a5 7. d3 a4 8. N3d2 d5 9. cxd5 exd3 10. 0-0 cxd5 11. exd3 Be7 12. Nc3 Qa5 13. Re1 Nc6 14. b4 axb3 15. Bb2 Qd8 16. Nxb3 0-0 17. Nb5 Bg4 18. Bf3 Bxf3 19. Qxf3 Qd7 20. a4 Qg4 21. Qxg4 Nxg4 22. h3 Nf6 23. N5d4 Bb4 24. Nxc6 bxc6 25. Rec1 Rfc8 26. Bxf6 gxf6 27. d4 Ra6 28. a5 Rb8 29. Ra4 Rb5 30. Nc5 Raxa5 31. Rxa5 Rxa5 32. Nd7 Be7 33. Nb8 Ra4 34. Nxc6 Bd6 35. Rb1 Ra6 36. Nb8 Ra4 37. Nc6 Ra6 38. Nb8 Ra4 1/2-1/2

[Event "Biel HTO 56th"]
[Site "Biel"]
[Date "2023.07.18"]
[Round "2"]
[White "Abdulrahman Mohammad, Al Taher"]
[Black "Misiano, Franco"]
[Result "1-0"]
[WhiteElo "2258"]
[BlackElo "2133"]
[PlyCount "113"]
[EventDate "2023.07.17"]
[EventType "swiss"]
[EventRounds "10"]
[EventCountry "SUI"]
[SourceTitle "CBM 215 Extra"]
[Source "ChessBase"]
[SourceDate "2023.09.30"]
[SourceVersion "1"]
[SourceVersionDate "2023.09.30"]
[SourceQuality "1"]

1. d4 d5 2. c4 c6 3. Nc3 Nf6 4. e3 e6 5. Nf3 Nbd7 6. Qc2 Bd6 7. Bd3 dxc4 8. Bxc4 0-0 9. 0-0 b5 10. Bd3 Bb7 11. e4 e5 12. dxe5 Nxe5 13. Nxe5 Bxe5 14. h3 Re8 15. Be3 a6 16. f4 Bd4 17. Bxd4 Qxd4+ 18. Kh2 c5 19. e5 c4 20. Bf5 b4 21. Ne2 Qe3 22. Ng3 Nd5 23. Bxh7+ Kf8 24. Rae1 Qb6 25. Qxc4 Rac8 26. Qe2 Qh6 27. Be4 Nxf4 28. Rxf4 Qxf4 29. Bxb7 Rc5 30. Rf1 Qxe5 31. Qxe5 Rexe5 32. Bxa6 Rc2 33. Rf5 Rxf5 34. Nxf5 Rxb2 35. Bc4 Rd2 36. Ne3 g6 37. Bb3 f5 38. Kg3 Rd4 39. Nc2 Rd3+ 40. Kf2 Rd2+ 41. Kf3 Kg7 42. Nxb4 Kf6 43. Bd5 Ke5 44. Ke3 Rd1 45. Bc6 Kd6 46. Bf3 Ra1 47. Kf4 Kc5 48. Nd3+ Kd6 49. Kg5 Rxa2 50. Kxg6 Ra3 51. Nf4 Ke5 52. Kg5 Ra7 53. h4 Rg7+ 54. Ng6+ Ke6 55. h5 Ra7 56. h6 Rc7 57. h7 1-0

[Event "Presolana op 38th"]
[Site "Presolana"]
[Date "2018.08.18"]
[Round "1"]
[White "Misiano, Franco"]
[Black "Mirzoev, Azer"]
[Result "0-1"]
[WhiteElo "2189"]
[BlackElo "2510"]
[PlyCount "112"]
[EventDate "2018.08.18"]
[EventType "swiss"]
[EventRounds "9"]
[EventCountry "ITA"]
[SourceTitle "CBM 186 Extra"]
[Source "ChessBase"]
[SourceDate "2018.08.24"]
[SourceVersion "1"]
[SourceVersionDate "2018.08.24"]
[SourceQuality "1"]

1. e4 e5 2. Nf3 Nc6 3. Bb5 Nge7 4. Nc3 a6 5. Be2 d6 6. d4 Ng6 7. Be3 Be7 8. Qd2 Bg4 9. 0-0-0 Bxf3 10. Bxf3 exd4 11. Bxd4 Nxd4 12. Qxd4 0-0 13. Kb1 Bf6 14. Qd2 c6 15. g3 Qb6 16. Rhf1 Rfd8 17. Be2 d5 18. Na4 Qa7 19. exd5 Rxd5 20. Qb4 Rxd1+ 21. Bxd1 Bd4 22. Qe1 Rd8 23. Bh5 b5 24. Bxg6 hxg6 25. Nc3 Bxc3 26. bxc3 Qc5 27. Kb2 a5 28. a3 Rb8 29. Qe3 Qxe3 30. fxe3 Kf8 31. c4 Ke7 32. cxb5 Rxb5+ 33. Kc3 g5 34. g4 g6 35. h3 f5 36. gxf5 gxf5 37. Rg1 Kf6 38. Kd3 Rd5+ 39. Ke2 Re5 40. Kd3 Rd5+ 41. Ke2 a4 42. Rb1 Rb5 43. Rd1 Rc5 44. Rd4 Rxc2+ 45. Kd3 Rh2 46. Rxa4 Rxh3 47. Ra6 f4 48. Rxc6+ Kf5 49. Rc5+ Kg4 50. Re5 f3 51. Re8 Kg3 52. Rf8 g4 53. a4 Rh1 54. a5 f2 55. a6 f1Q+ 56. Rxf1 Rxf1 0-1

[Event "ITA-ch semiblitz"]
[Site "Chianciano Terme"]
[Date "2018.04.02"]
[Round "6"]
[White "Misiano, Franco"]
[Black "Pedini, Dario"]
[Result "1-0"]
[WhiteElo "2200"]
[BlackElo "2278"]
[PlyCount "91"]
[EventDate "2018.04.02"]
[EventType "swiss (rapid)"]
[EventRounds "9"]
[EventCountry "ITA"]
[SourceTitle "CBM 183 Extra"]
[Source "ChessBase"]
[SourceDate "2018.04.19"]
[SourceVersion "1"]
[SourceVersionDate "2018.04.19"]
[SourceQuality "1"]

1. e4 e5 2. Nf3 Nc6 3. Bb5 Nge7 4. Nc3 d6 5. h3 Bd7 6. d4 Ng6 7. d5 Nb8 8. Bxd7+ Qxd7 9. Be3 Be7 10. Qd2 a5 11. h4 h5 12. 0-0-0 b5 13. Ne2 b4 14. Ng3 Na6 15. Nf5 Bf8 16. Ng5 Ne7 17. Nxe7 Bxe7 18. f3 Qb5 19. Kb1 a4 20. f4 exf4 21. Bxf4 b3 22. cxb3 axb3 23. a3 Nc5 24. Rhe1 0-0 25. Be3 Ra4 26. Bxc5 dxc5 27. g3 Re8 28. e5 Rd4 29. Qc3 Bxg5 30. hxg5 Rxe5 31. g6 fxg6 32. Rc1 Rxe1 33. Qxe1 Qd3+ 34. Ka1 Rxd5 35. g4 Kh7 36. gxh5 gxh5 37. Qh4 Qf5 38. Qc4 Qd3 39. Qh4 c6 40. Qf4 Qf5 41. Qc4 Qf3 42. Qh4 Rd1 43. Qc4 Qd3 44. Qxc5 Qc2 45. Qxh5+ Kg8 46. Qxd1 1-0

[Event "ITA-ch blitz"]
[Site "Chianciano Terme"]
[Date "2018.04.01"]
[Round "9"]
[White "Di Benedetto, Edoardo"]
[Black "Misiano, Franco"]
[Result "1/2-1/2"]
[WhiteElo "2269"]
[BlackElo "2200"]
[PlyCount "38"]
[EventDate "2018.04.01"]
[EventType "swiss (blitz)"]
[EventRounds "11"]
[EventCountry "ITA"]
[SourceTitle "CBM 183 Extra"]
[Source "ChessBase"]
[SourceDate "2018.04.19"]
[SourceVersion "1"]
[SourceVersionDate "2018.04.19"]
[SourceQuality "1"]

1. e4 e6 2. d4 d5 3. Nc3 Bb4 4. Nge2 dxe4 5. a3 Bxc3+ 6. Nxc3 Nc6 7. d5 exd5 8. Qxd5 Nge7 9. Qxd8+ Nxd8 10. Nxe4 Bf5 11. Bd3 Ne6 12. 0-0 0-0 13. Be3 b6 14. Rad1 Rad8 15. f3 Bg6 16. Nf2 Nd5 17. Bc1 Ndf4 18. Bxf4 Nxf4 19. Bxg6 hxg6 1/2-1/2

[Event "ITA-ch blitz"]
[Site "Chianciano Terme"]
[Date "2018.04.01"]
[Round "10"]
[White "Misiano, Franco"]
[Black "Loiacono, Antonio"]
[Result "0-1"]
[WhiteElo "2200"]
[BlackElo "2182"]
[PlyCount "92"]
[EventDate "2018.04.01"]
[EventType "swiss (blitz)"]
[EventRounds "11"]
[EventCountry "ITA"]
[SourceTitle "CBM 183 Extra"]
[Source "ChessBase"]
[SourceDate "2018.04.19"]
[SourceVersion "1"]
[SourceVersionDate "2018.04.19"]
[SourceQuality "1"]

1. e4 e5 2. Nf3 Nc6 3. Bb5 g6 4. c3 Bg7 5. d4 exd4 6. cxd4 a6 7. Ba4 b5 8. Bb3 d6 9. h3 Nge7 10. 0-0 0-0 11. Nc3 Bb7 12. Re1 Na5 13. Bc2 c5 14. d5 b4 15. Ne2 Nc4 16. Rb1 a5 17. Bd3 Nb6 18. Bg5 c4 19. Bc2 Rc8 20. Qc1 Qc7 21. Bh6 Rfe8 22. Bxg7 Kxg7 23. Ned4 c3 24. b3 Ba6 25. Qg5 Nd7 26. h4 Ne5 27. Nxe5 dxe5 28. Nf5+ Nxf5 29. exf5 Qe7 30. Qg3 Qf6 31. fxg6 fxg6 32. h5 Qf4 33. Qh3 Rcd8 34. Rbd1 Bc8 35. Qe3 Qxe3 36. Rxe3 Bf5 37. Bxf5 gxf5 38. a3 Kf6 39. axb4 axb4 40. Ra1 Ra8 41. Rd1 Red8 42. h6 Rac8 43. Red3 e4 44. Rd4 Ke5 45. Rxb4 c2 46. Rc1 Rxd5 0-1

[Event "Bratto op 37th"]
[Site "Bratto"]
[Date "2017.08.23"]
[Round "5"]
[White "Aghayev, Miragha"]
[Black "Misiano, Franco"]
[Result "1-0"]
[WhiteElo "2409"]
[BlackElo "2262"]
[PlyCount "213"]
[EventDate "2017.08.19"]
[EventType "swiss"]
[EventRounds "9"]
[EventCountry "ITA"]
[SourceTitle "CBM 180 Extra"]
[Source "ChessBase"]
[SourceDate "2017.10.06"]
[SourceVersion "1"]
[SourceVersionDate "2017.10.06"]
[SourceQuality "1"]

1. Nf3 Nf6 2. d4 g6 3. Nc3 d5 4. Bf4 c6 5. e3 Bg7 6. h3 Nbd7 7. Be2 b6 8. 0-0 0-0 9. a4 a5 10. Bh2 Bb7 11. Bd3 c5 12. Nb5 c4 13. Be2 Ne4 14. b3 Rc8 15. bxc4 dxc4 16. Nd2 Nxd2 17. Qxd2 Nf6 18. c3 Ne4 19. Qa2 Ba6 20. Bxc4 Nxc3 21. Qb3 Ne4 22. Rfd1 Bb7 23. f3 Nd6 24. Nxd6 exd6 25. Bf4 d5 26. Bf1 Re8 27. Rdc1 g5 28. Rxc8 Bxc8 29. Bg3 f5 30. Rc1 f4 31. exf4 Bxd4+ 32. Kh2 gxf4 33. Bxf4 Be6 34. Bg3 Bf7 35. Bb5 Re3 36. Qd1 Bc5 37. Kh1 Re6 38. Qc2 Qg5 39. Bb8 Qh4 40. Kh2 Re1 41. Qd2 Rxc1 42. Qxc1 Qd4 43. Qg5+ Kf8 44. Qd8+ Kg7 45. Qg5+ Kf8 46. Qh6+ Kg8 47. Qc1 Qe3 48. Qb1 Bg6 49. Qd1 Qd4 50. Qe1 Qe3 51. Qd1 Qd4 52. Qxd4 Bxd4 53. Bc6 Bf7 54. Kg3 Kg7 55. Kf4 Kf6 56. g4 h6 57. h4 Ke6 58. h5 Bg1 59. Kg3 Bc5 60. Kf4 Bg1 61. Kg3 Bc5 62. f4 Bd4 63. Kf3 Kf6 64. Bc7 Ke6 65. Ke2 Ke7 66. Kd3 Bc5 67. Be5 Kf8 68. Bd7 Kg8 69. Bd4 Kh7 70. Bc3 Kg8 71. Be5 Bf8 72. Bf6 Bd6 73. Be5 Bf8 74. Kc3 Bb4+ 75. Kc2 Bf8 76. Bf5 Be8 77. Be6+ Kh7 78. Bf5+ Kg8 79. Be6+ Kh7 80. Kb3 b5 81. axb5 Bxb5 82. Bf5+ Kg8 83. Be6+ Kh7 84. Bxd5 a4+ 85. Kc3 Be2 86. Be4+ Kg8 87. Bd5+ Kh7 88. Be6 Bd1 89. Kd2 Bf3 90. Ke3 Bd1 91. Ke4 Bc2+ 92. Kd4 Bd1 93. Ke3 a3 94. Kd2 Bf3 95. Kc2 Be4+ 96. Kb3 Bf3 97. Ka2 Be2 98. Kb1 Bd3+ 99. Kc1 Be2 100. Kc2 Bf3 101. Kd2 Bb4+ 102. Ke3 Bd1 103. Bf5+ Kg8 104. g5 Bc5+ 105. Kd2 Bxh5 106. gxh6 Bb4+ 107. Kc1 1-0

[Event "Bratto op 37th"]
[Site "Bratto"]
[Date "2017.08.22"]
[Round "4"]
[White "Misiano, Franco"]
[Black "Sulava, Nenad"]
[Result "0-1"]
[WhiteElo "2262"]
[BlackElo "2452"]
[PlyCount "66"]
[EventDate "2017.08.19"]
[EventType "swiss"]
[EventRounds "9"]
[EventCountry "ITA"]
[SourceTitle "CBM 180 Extra"]
[Source "ChessBase"]
[SourceDate "2017.10.06"]
[SourceVersion "1"]
[SourceVersionDate "2017.10.06"]
[SourceQuality "1"]

1. e4 c5 2. Nf3 e6 3. d4 cxd4 4. Nxd4 a6 5. Nc3 Qc7 6. Bd3 Bc5 7. Nb3 Be7 8. Be3 b5 9. f4 d6 10. a3 Nf6 11. Qf3 Bb7 12. 0-0 Nbd7 13. Rae1 Rc8 14. Qh3 Qb8 15. Bd4 e5 16. fxe5 dxe5 17. Be3 0-0 18. Bd2 b4 19. axb4 Bxb4 20. Nb1 Bc6 21. Kh1 Bxd2 22. N1xd2 Bb5 23. g4 h6 24. Qg3 g6 25. Rf3 Nh7 26. Qh4 Ng5 27. Qxh6 Nxf3 28. Nxf3 Bxd3 29. cxd3 Qxb3 30. Ng5 Nf6 31. Rf1 Qxb2 32. Ne6 fxe6 33. Qxg6+ Kh8 0-1

[Event "Mare di Fano op 5th"]
[Site "Fano"]
[Date "2016.08.02"]
[Round "5"]
[White "Misiano, Franco"]
[Black "Nguyen, Piotr"]
[Result "0-1"]
[WhiteElo "2296"]
[BlackElo "2430"]
[PlyCount "84"]
[EventDate "2016.07.30"]
[EventType "swiss"]
[EventRounds "9"]
[EventCountry "ITA"]
[SourceTitle "CBM 173 Extra"]
[Source "ChessBase"]
[SourceDate "2016.08.29"]
[SourceVersion "1"]
[SourceVersionDate "2016.08.29"]
[SourceQuality "1"]

1. e4 d6 2. d4 Nf6 3. Nc3 c6 4. f4 Qa5 5. Bd3 e5 6. Nf3 exd4 7. Nxd4 g6 8. Nb3 Qc7 9. 0-0 Bg7 10. Qe1 0-0 11. Kh1 b5 12. a3 a6 13. Be3 Nbd7 14. Qh4 Bb7 15. e5 dxe5 16. fxe5 Qxe5 17. Bg5 c5 18. Rae1 Qc7 19. Ne4 Nxe4 20. Bxe4 c4 21. Nd4 Rfe8 22. Rxf7 Bxe4 23. Rxg7+ Kxg7 24. Rxe4 Rxe4 25. Bh6+ Kf7 26. Qxe4 Qe5 27. Qf3+ Nf6 28. Qb7+ Qe7 29. Qxe7+ Kxe7 30. Kg1 Kd6 31. h3 Kd5 32. Nf3 Re8 33. Kf1 Ne4 34. Be3 Nc3 35. Bc1 Ne2 36. Bd2 Ng3+ 37. Kf2 Ne4+ 38. Kf1 c3 39. bxc3 Nxd2+ 40. Nxd2 Re3 41. Nb1 Kc4 42. Kf2 Rxc3 0-1

[Event "Mare di Fano op 5th"]
[Site "Fano"]
[Date "2016.08.01"]
[Round "3"]
[White "Cuhendi, Sean Winshand"]
[Black "Misiano, Franco"]
[Result "1-0"]
[WhiteElo "2395"]
[BlackElo "2296"]
[PlyCount "79"]
[EventDate "2016.07.30"]
[EventType "swiss"]
[EventRounds "9"]
[EventCountry "ITA"]
[SourceTitle "CBM 173 Extra"]
[Source "ChessBase"]
[SourceDate "2016.08.29"]
[SourceVersion "1"]
[SourceVersionDate "2016.08.29"]
[SourceQuality "1"]

1. d4 Nf6 2. Bf4 d5 3. e3 c5 4. c3 Nc6 5. Nd2 Qb6 6. Qb3 c4 7. Qc2 g6 8. e4 Nxe4 9. Nxe4 dxe4 10. d5 Na5 11. Be5 f6 12. Bd4 Qc7 13. Qxe4 Bg7 14. Qe3 b6 15. Ne2 Bb7 16. Nf4 Bh6 17. Ne6 Bxe3 18. Nxc7+ Kd7 19. fxe3 Kxc7 20. e4 Rhe8 21. 0-0-0 e5 22. Be3 Rad8 23. g4 Kb8 24. Be2 Bc8 25. Rhf1 Rf8 26. Rf2 f5 27. Bh6 Rf7 28. gxf5 gxf5 29. Bh5 Rfd7 30. Rxf5 Rd6 31. Bg7 Rxd5 32. Bxe5+ Kb7 33. Rf7+ R5d7 34. Rfxd7+ Rxd7 35. Rxd7+ Bxd7 36. Bf7 Nc6 37. Bf6 b5 38. e5 Bf5 39. e6 Kc7 40. e7 1-0

[Event "ITA-ch sf 76th"]
[Site "Civitanova Marche"]
[Date "2016.07.10"]
[Round "2"]
[White "Bellia, Fabrizio"]
[Black "Misiano, Franco"]
[Result "1-0"]
[WhiteElo "2446"]
[BlackElo "2296"]
[PlyCount "55"]
[EventDate "2016.07.09"]
[EventType "swiss"]
[EventRounds "9"]
[EventCountry "ITA"]
[SourceTitle "CBM 173 Extra"]
[Source "ChessBase"]
[SourceDate "2016.08.29"]
[SourceVersion "1"]
[SourceVersionDate "2016.08.29"]
[SourceQuality "1"]

1. e4 e6 2. d4 d5 3. Nd2 Nf6 4. e5 Nfd7 5. Bd3 c5 6. c3 Nc6 7. Ne2 cxd4 8. cxd4 f6 9. exf6 Nxf6 10. 0-0 Bd6 11. Nf3 Qc7 12. h3 0-0 13. Be3 Bd7 14. Re1 Rae8 15. Rc1 Qb8 16. Nc3 a6 17. Na4 e5 18. dxe5 Nxe5 19. Nxe5 Bxe5 20. Nc5 d4 21. Bc4+ Kh8 22. Bxd4 Bh2+ 23. Kh1 Rd8 24. Bxf6 Bxh3 25. Bxd8 Bxg2+ 26. Kxg2 Rxf2+ 27. Kxf2 Qg3+ 28. Ke2 1-0

[Event "ITA-chT 48th"]
[Site "Civitanova Marche"]
[Date "2016.04.30"]
[Round "5.4"]
[White "Salvador, Roland"]
[Black "Misiano, Franco"]
[Result "1-0"]
[WhiteElo "2434"]
[BlackElo "2283"]
[PlyCount "119"]
[EventDate "2016.04.27"]
[EventType "team-swiss"]
[EventRounds "7"]
[EventCountry "ITA"]
[SourceTitle "CBM 172 Extra"]
[Source "ChessBase"]
[SourceDate "2016.06.21"]
[SourceVersion "1"]
[SourceVersionDate "2016.06.21"]
[SourceQuality "1"]
[WhiteTeam "Milan Accademia"]
[BlackTeam "Milan 1881"]
[WhiteTeamCountry "ITA"]
[BlackTeamCountry "ITA"]

1. d4 Nf6 2. g3 d5 3. Bg2 c6 4. Nf3 Bf5 5. 0-0 h6 6. c4 e6 7. Nc3 Be7 8. b3 Nbd7 9. cxd5 exd5 10. Bb2 0-0 11. e3 Bd6 12. Nh4 Bh7 13. Bh3 Re8 14. Nf5 Bf8 15. Qf3 Nb6 16. Rae1 Nc8 17. Qd1 Nd6 18. Nxd6 Bxd6 19. f4 Ne4 20. Nxe4 Bxe4 21. f5 Qg5 22. Rf2 h5 23. Bc3 h4 24. g4 Qh6 25. Ree2 f6 26. Rf1 Qg5 27. Rff2 Re7 28. Rf1 Rae8 29. Rff2 b5 30. Be1 b4 31. Rf1 a5 32. Rff2 c5 33. dxc5 Bxc5 34. Qc1 Rc7 35. Bd2 Bb6 36. Qd1 Rec8 37. Re1 Rc2 38. Bg2 Rxa2 39. Bxe4 dxe4 40. Kg2 Rcc2 41. Kh3 Kh7 42. Kg2 Bd4 43. h3 Bc3 44. Ree2 Rxd2 45. Rxd2 Ra1 46. Qe2 Bxd2 47. Qxd2 Ra3 48. Rf4 Rxb3 49. Rxe4 a4 50. Re8 Rxe3 51. Rxe3 a3 52. Kf3 b3 53. Qe1 b2 54. Rxa3 Qc1 55. Qxh4+ Kg8 56. Ra8+ Kf7 57. Qh5+ Ke7 58. Qe8+ Kd6 59. Qe6+ Kc5 60. Rc8+ 1-0

[Event "Lugano op 20th"]
[Site "Lugano"]
[Date "2015.11.08"]
[Round "5"]
[White "Misiano, Franco"]
[Black "Auvinen, Esa"]
[Result "1/2-1/2"]
[WhiteElo "2265"]
[BlackElo "1961"]
[PlyCount "59"]
[EventDate "2015.11.06"]
[EventType "swiss"]
[EventRounds "5"]
[EventCountry "SUI"]
[SourceTitle "CBM 169 Extra"]
[Source "ChessBase"]
[SourceDate "2015.12.18"]
[SourceVersion "1"]
[SourceVersionDate "2015.12.18"]
[SourceQuality "1"]

1. e4 e5 2. Nf3 Nc6 3. Bb5 f5 4. Nc3 fxe4 5. Nxe4 Nf6 6. Qe2 d5 7. Nxf6+ gxf6 8. d4 e4 9. Nh4 Be6 10. c3 Qd7 11. h3 0-0-0 12. Bf4 Bd6 13. Qe3 Rdf8 14. 0-0-0 Bxf4 15. Qxf4 Qd6 16. Qxd6 cxd6 17. g3 Ne7 18. Ng2 Ng6 19. Be2 f5 20. Bh5 Kd7 21. Bxg6 hxg6 22. Nf4 Rfg8 23. h4 Bf7 24. Kd2 Re8 25. Ke3 Ke7 26. Nh3 Kf6 27. Ng5 Re7 28. Rhe1 Rhe8 29. Kf4 Rh8 30. Re3 1/2-1/2

[Event "Lugano op 20th"]
[Site "Lugano"]
[Date "2015.11.08"]
[Round "4"]
[White "Paleologu, Vladimir"]
[Black "Misiano, Franco"]
[Result "1-0"]
[WhiteElo "2161"]
[BlackElo "2265"]
[PlyCount "91"]
[EventDate "2015.11.06"]
[EventType "swiss"]
[EventRounds "5"]
[EventCountry "SUI"]
[SourceTitle "CBM 169 Extra"]
[Source "ChessBase"]
[SourceDate "2015.12.18"]
[SourceVersion "1"]
[SourceVersionDate "2015.12.18"]
[SourceQuality "1"]

1. e4 e6 2. d4 d5 3. exd5 exd5 4. Bf4 Bd6 5. Qd2 Nc6 6. Nc3 Nf6 7. 0-0-0 0-0 8. f3 a6 9. g4 b5 10. h4 b4 11. Nce2 a5 12. h5 a4 13. h6 g6 14. Nh3 b3 15. a3 Na5 16. Nc3 Ba6 17. Nb5 bxc2 18. Qxc2 Nb3+ 19. Kb1 Bxf4 20. Nxf4 Qd7 21. Nc3 Bxf1 22. Rhxf1 Qd6 23. Ng2 Rfb8 24. Ne3 c6 25. f4 Re8 26. Rf3 Ne4 27. g5 Nxc3+ 28. Qxc3 Re4 29. Ng4 Rxf4 30. Nf6+ Kh8 31. Rxf4 Qxf4 32. Qxc6 Qf5+ 33. Ka2 Rf8 34. Qxa4 Qxg5 35. Nd7 Rd8 36. Ne5 Kg8 37. Qxb3 Qxh6 38. Rf1 f5 39. Nc6 Rd7 40. Re1 Qf8 41. Re5 Qf7 42. Qb8+ Kg7 43. Re8 Rc7 44. Ne5 Rb7 45. Nxf7 Rxb8 46. Rxb8 1-0

[Event "Zuerich op-A 38th"]
[Site "Zuerich"]
[Date "2014.12.29"]
[Round "6"]
[White "Misiano, Franco"]
[Black "Hansen, Torbjorn Ringdal"]
[Result "0-1"]
[WhiteElo "2269"]
[BlackElo "2470"]
[PlyCount "50"]
[EventDate "2014.12.26"]
[EventType "swiss"]
[EventRounds "7"]
[EventCountry "SUI"]
[SourceTitle "CBM 164 Extra"]
[Source "ChessBase"]
[SourceDate "2015.03.02"]
[SourceVersion "1"]
[SourceVersionDate "2015.03.02"]
[SourceQuality "1"]

1. e4 e5 2. Nf3 Nc6 3. Bb5 a6 4. Ba4 Nf6 5. 0-0 Bc5 6. d3 b5 7. Bb3 d6 8. h3 Na5 9. Nc3 h6 10. Nd5 Nxb3 11. Nxf6+ Qxf6 12. axb3 g5 13. d4 exd4 14. e5 dxe5 15. Nxe5 Bb7 16. Nd3 Be7 17. Bd2 0-0-0 18. Bb4 Bxb4 19. Nxb4 h5 20. f3 Qd6 21. Nd3 Rdg8 22. Nf2 g4 23. Ne4 Bxe4 24. fxe4 gxh3 25. Rf2 Rg3 0-1

[Event "Biel MTO op 47th"]
[Site "Biel"]
[Date "2014.07.23"]
[Round "9"]
[White "Misiano, Franco"]
[Black "Cherniaev, Alexander"]
[Result "0-1"]
[WhiteElo "2288"]
[BlackElo "2434"]
[PlyCount "80"]
[EventDate "2014.07.14"]
[EventType "swiss"]
[EventRounds "11"]
[EventCountry "SUI"]
[SourceTitle "CBM 161 Extra"]
[Source "ChessBase"]
[SourceDate "2014.08.29"]
[SourceVersion "1"]
[SourceVersionDate "2014.08.29"]
[SourceQuality "1"]

1. e4 c6 2. d4 d5 3. Nc3 dxe4 4. Nxe4 Nf6 5. Nxf6+ gxf6 6. c3 h5 7. Nf3 h4 8. h3 Bf5 9. Bd3 Bxd3 10. Qxd3 e6 11. Bd2 Nd7 12. 0-0-0 Qc7 13. Kb1 0-0-0 14. Qe2 Bd6 15. c4 Kb8 16. Bc3 Rdg8 17. Rhg1 Ka8 18. Ka1 a6 19. a3 b5 20. cxb5 axb5 21. Rc1 Kb7 22. d5 exd5 23. Nd4 Bc5 24. Nxb5 Qb6 25. b4 Qxb5 26. Qxb5+ cxb5 27. bxc5 Kc6 28. Bb4 Rh5 29. Rce1 Re5 30. f4 Re6 31. Rxe6+ fxe6 32. Re1 e5 33. fxe5 fxe5 34. Re2 d4 35. Re4 Rxg2 36. Rxh4 Nxc5 37. Rh8 Nd3 38. h4 Kd5 39. h5 Kc4 40. Rf8 Rh2 0-1

[Event "Lugano New op 8th"]
[Site "Lugano"]
[Date "2014.04.20"]
[Round "5"]
[White "Misiano, Franco"]
[Black "Jakovljevic, Vlado"]
[Result "1-0"]
[WhiteElo "2252"]
[BlackElo "2418"]
[PlyCount "75"]
[EventDate "2014.04.18"]
[EventType "swiss"]
[EventRounds "6"]
[EventCountry "SUI"]
[SourceTitle "CBM 159 Extra"]
[Source "ChessBase"]
[SourceDate "2014.04.24"]
[SourceVersion "1"]
[SourceVersionDate "2014.04.24"]
[SourceQuality "1"]

1. e4 c5 2. Nf3 e6 3. d4 cxd4 4. Nxd4 Nc6 5. Nc3 Qc7 6. Be3 a6 7. Bd3 Nf6 8. 0-0 Be7 9. f4 Nxd4 10. Bxd4 Bc5 11. Bxc5 Qxc5+ 12. Kh1 d6 13. Qe2 e5 14. Nd5 Nxd5 15. exd5 f6 16. Qh5+ Ke7 17. fxe5 dxe5 18. Rae1 Kd8 19. Qh4 Qd6 20. c4 b6 21. a3 Bd7 22. Rc1 a5 23. Rc3 a4 24. Be4 Rc8 25. Rg3 Rxc4 26. Rxg7 Bf5 27. Ra7 Rxe4 28. Qh6 Rg8 29. Ra8+ Kd7 30. Rxg8 Qxd5 31. Qxf6 Qe6 32. Qd8+ Kc6 33. Rf8 Kb7 34. Qa8+ Kc7 35. Qa7+ Kc6 36. Qa6 Rf4 37. Rc1+ Kd5 38. Rd8+ 1-0

[Event "ITA-chT 45th "]
[Site "Bratto"]
[Date "2013.04.28"]
[Round "2"]
[White "Tomba, Ivan"]
[Black "Misiano, Franco"]
[Result "1/2-1/2"]
[WhiteElo "2254"]
[BlackElo "2251"]
[PlyCount "50"]
[EventDate "2013.04.27"]
[EventType "team-swiss"]
[EventRounds "7"]
[EventCountry "ITA"]
[SourceTitle "CBM 154 Extra"]
[Source "ChessBase"]
[SourceDate "2013.06.25"]
[SourceVersion "2"]
[SourceVersionDate "2013.06.25"]
[SourceQuality "1"]
[WhiteTeam "ITA Accademia Scacch"]
[BlackTeam "Milan 1881"]
[WhiteTeamCountry "ITA"]
[BlackTeamCountry "ITA"]

1. e4 e6 2. d4 d5 3. e5 c5 4. c3 Nc6 5. Nf3 Qb6 6. a3 c4 7. Nbd2 Na5 8. g3 Bd7 9. Bg2 h6 10. 0-0 Ne7 11. Re1 0-0-0 12. Rb1 Kb8 13. Nf1 Nb3 14. N3d2 Ba4 15. Ne3 Nxd2 16. Qxd2 Nc6 17. Qe2 Na5 18. f4 g6 19. g4 h5 20. f5 gxf5 21. gxf5 Bh6 22. Nf1 Bxc1 23. Rbxc1 Rdg8 24. Ne3 Nb3 25. Rcd1 Na5 1/2-1/2

[Event "Zuerich op 36th"]
[Site "Zuerich"]
[Date "2012.12.27"]
[Round "2"]
[White "Misiano, Franco"]
[Black "Aeschbach, Philipp"]
[Result "1-0"]
[WhiteElo "2263"]
[BlackElo "2034"]
[PlyCount "229"]
[EventDate "2012.12.26"]
[EventType "swiss"]
[EventRounds "7"]
[EventCountry "SUI"]
[SourceTitle "CBM 152 Extra"]
[Source "ChessBase"]
[SourceDate "2013.02.25"]
[SourceVersion "1"]
[SourceVersionDate "2013.02.25"]
[SourceQuality "1"]

1. e4 c5 2. Nf3 e6 3. d4 cxd4 4. Nxd4 Bc5 5. Nb3 Bb6 6. Nc3 Ne7 7. Bd3 0-0 8. Qh5 f5 9. e5 Nbc6 10. Bg5 Nxe5 11. 0-0-0 d5 12. Rhe1 N5g6 13. g4 Qc7 14. Nb5 Qc6 15. N3d4 Bxd4 16. Nxd4 Qd6 17. Kb1 Bd7 18. Re3 h6 19. Bxe7 Nxe7 20. Rde1 Rf6 21. gxf5 Nxf5 22. Nxf5 exf5 23. Re5 Raf8 24. Qf3 Re6 25. Rxe6 Bxe6 26. Qe3 Bc8 27. Qxa7 Qxh2 28. Qd4 Qd6 29. c4 Be6 30. Re5 g6 31. cxd5 Bf7 32. f4 Rc8 33. a3 Rc5 34. Bc4 g5 35. Ka2 Rc7 36. Rxf5 gxf4 37. Bb3 Bg6 38. Qxf4 Qxf4 39. Rxf4 Rd7 40. a4 Bf7 41. Rd4 Rd6 42. Ka3 Kf8 43. a5 Ke8 44. Kb4 h5 45. Bc4 Rh6 46. Rh4 Kd7 47. Kc5 Kd8 48. b4 Kd7 49. b5 Kc8 50. b6 Kd7 51. Bb5+ Kd8 52. a6 bxa6 53. Bxa6 Bxd5 54. Rd4 Rc6+ 55. Kb5 Rd6 56. Kc5 Rc6+ 57. Kxd5 Rxb6 58. Kc5+ Kc7 59. Bb5 Rg6 60. Rd7+ Kc8 61. Bc6 Rg1 62. Re7 Kd8 63. Rh7 h4 64. Rd7+ Kc8 65. Rh7 Kd8 66. Bd5 Rg6 67. Rxh4 Ke7 68. Rf4 Rg7 69. Rf5 Rh7 70. Kd4 Rh4+ 71. Ke5 Rh7 72. Rg5 Kd7 73. Be4 Re7+ 74. Kd5 Kc7 75. Rg6 Rf7 76. Kc5 Kd7 77. Bd5 Rh7 78. Rg8 Ke7 79. Rg6 Kd7 80. Ra6 Re7 81. Ra8 Kc7 82. Rg8 Rh7 83. Ra8 Re7 84. Ra7+ Kd8 85. Ra6 Kc7 86. Be6 Kb7 87. Kb5 Rc7 88. Bd5+ Kc8 89. Rd6 Rc1 90. Bc6 Rb1+ 91. Kc5 Kc7 92. Rd7+ Kc8 93. Ra7 Rd1 94. Bd5 Kb8 95. Re7 Rc1+ 96. Kd6 Rg1 97. Bc6 Rd1+ 98. Kc5 Rc1+ 99. Kb6 Rb1+ 100. Bb5 Rc1 101. Bc6 Rb1+ 102. Kc5 Rc1+ 103. Kd6 Rd1+ 104. Bd5 Rg1 105. Re8+ Ka7 106. Kc5 Rc1+ 107. Bc4 Kb7 108. Re7+ Kc8 109. Kd5 Kd8 110. Rg7 Rd1+ 111. Ke6 Kc8 112. Bd5 Kb8 113. Kd6 Rf1 114. Rg8+ Ka7 115. Kc7 1-0